Water and Wastewater Technology / (Record no. 11452)
[ view plain ]
| 000 -LEADER | |
|---|---|
| fixed length control field | 00803nac a22002171u 4500 |
| 008 - FIXED-LENGTH DATA ELEMENTS--GENERAL INFORMATION | |
| fixed length control field | 090428t xxu||||| |||| 00| 0 eng d |
| 020 ## - INTERNATIONAL STANDARD BOOK NUMBER | |
| International Standard Book Number | 9780131599659 |
| 020 ## - INTERNATIONAL STANDARD BOOK NUMBER | |
| International Standard Book Number | 0131599658 |
| 082 ## - DEWEY DECIMAL CLASSIFICATION NUMBER | |
| Classification number | 628.1 |
| Item number | HAM |
| 100 ## - MAIN ENTRY--PERSONAL NAME | |
| Personal name | Hammer, Mark J. |
| 9 (RLIN) | 4416 |
| 245 ## - TITLE STATEMENT | |
| Title | Water and Wastewater Technology / |
| Statement of responsibility, etc | Mark J. Hammer, Mark J. Hammer, Jr. |
| 250 ## - EDITION STATEMENT | |
| Edition statement | 6th ed. |
| Remainder of edition statement | Pearson International Edition. |
| 260 ## - PUBLICATION, DISTRIBUTION, ETC. (IMPRINT) | |
| Place of publication, distribution, etc | Upper Saddle River, N.J. : |
| Name of publisher, distributor, etc | Prentice Hall/Pearson Education International, |
| Date of publication, distribution, etc | c2008. |
| 300 ## - PHYSICAL DESCRIPTION | |
| Extent | ix, 553 p. : |
| Other physical details | maps, ill. ; |
| Dimensions | 26 cm. |
| 500 ## - GENERAL NOTE | |
| General note | Previous ed.: 2001. |
| 504 ## - BIBLIOGRAPHY, ETC. NOTE | |
| Bibliography, etc | Includes bibliographical references and index. |
| 650 ## - SUBJECT ADDED ENTRY--TOPICAL TERM | |
| Topical term or geographic name as entry element | Water-supply engineering. |
| 9 (RLIN) | 4417 |
| 650 ## - SUBJECT ADDED ENTRY--TOPICAL TERM | |
| 9 (RLIN) | 4418 |
| Topical term or geographic name as entry element | Sewage disposal |
| 700 1# - ADDED ENTRY--PERSONAL NAME | |
| Personal name | Hammer, Mark J., |
| Dates associated with a name | 1957- |
| 9 (RLIN) | 4419 |
| 942 ## - ADDED ENTRY ELEMENTS (KOHA) | |
| Item type | Book - Borrowing |
| Call number prefix | 628.1HAM |
| Source of classification or shelving scheme | Dewey Decimal Classification |
| Withdrawn status | Item status | Source of classification or shelving scheme | Damaged status | Not for loan | Vendor | Home library | Current library | Shelving location | Date acquired | Source of acquisition | Cost, normal purchase price | Serial Enumeration / chronology | Total Checkouts | Total Renewals | Full call number | Barcode | Date last seen | Date last borrowed | Koha item type |
|---|---|---|---|---|---|---|---|---|---|---|---|---|---|---|---|---|---|---|---|
| Dewey Decimal Classification | Alahram | Central Library | Central Library | First floor | 28/04/2009 | 225.00 | 371 | 2 | 11 | 628.1 HAM | 000015599 | 15/07/2025 | 18/11/2014 | Book - Borrowing | |||||
| Dewey Decimal Classification | Baccah | Central Library | Central Library | First floor | 21/04/2011 | 180.00 | 2 | 628.1 HAM | 000023370 | 15/07/2025 | 10/06/2013 | NB - Book (Non borrowing) | |||||||
| Dewey Decimal Classification | Baccah | Central Library | Central Library | First floor | 21/04/2011 | 180.00 | 4 | 8 | 628.1 HAM | 000023371 | 15/07/2025 | 21/10/2015 | Book - Borrowing |